000 00722nam a22002537a 4500
003 UA-OsUOA
001 64918
007 ta
008 20091111b un ||||| |||| 00| 0 ukr d
100 _aПідгора В.
700 _aХанко О.
090 _a738+76
_bП32
942 _cBK
040 _aUA-OsUOA
_bukr
_cUA-OsUOA
_dUA-OsUOA
245 _aКамінний спалах. Петро Печорний: кераміка і графіка
300 _a304 с.
955 _a3
041 _aukr
080 _a738+76
020 _a966-2922-09-1
260 _aК.
_bВидавець Остап Ханко
_c2007
650 7 _a738 Художня кераміка. Гончарство
_2UDC
999 _c351026
_d351026